000 01038nam0a22002891 4500
001 rc\3004441
005 20250806200751.0
035 _a(NLR Aleph) 007147395
090 _a2755
_c2755
100 _a20110920d1944 u y0rusy50 ca
101 0 _arus
102 _aRU
105 _ay z |||||
200 1 _aО плане сельскохозяйственных работ
_e[Постановл. СНК СССР и ЦК ВКП(б)]
210 _aФрунзе
_cКиргизгосиздат
_d1944
_gТипо-литогр. № 1
215 _a26 с.
_d14 см
225 1 _aВ Совнаркоме СССР и ЦК ВКП(б)
300 _aБез обл.
710 0 1 _aСССР
_bСовет Народных Комиссаров
_3RU\NLR\AUTH\8810020782
711 0 2 _aВКП(б)
_bЦК
_3RU\NLR\AUTH\8810033047
_4570
801 0 _aRU
_bNLR
_gpsbo
801 1 _aRU
_bELAR
_2rusmarc
852 _aNLR
_jЭк50 Г-2/278
942 _cBOOK
945 _aРоссийская национальная библиотека
980 _aNB
980 _aBV